Trestná činnosť v dopravnej logistike

Štúdia autora pôsobiaceho v Kanade poukazuje na problém trestnej činnosti v oblasti nákladnej dopravy, ktorý sa stáva celosvetovým problémom, vnášajúcim negatívne vplyvy do logistických procesov, do procesov bilancií a hospodárstva podnikov, a v konečnom dôsledku zasahuje aj do hospodárstva tej-ktor...

Descrizione completa

Salvato in:
Dettagli Bibliografici
Autore principale: Devečková, Alena
Natura: Capitolo di libro
Lingua:slovacco
Soggetti:
Tags: Aggiungi Tag
Nessun Tag, puoi essere il primo ad aggiungerne!!

MARC

LEADER 00000naa$a2200000$$$4500
001 0046430
005 20230825090532.8
041 0 |a slo 
044 |a SK 
245 1 0 |a Trestná činnosť v dopravnej logistike  |c Alena Devečková 
520 |a Štúdia autora pôsobiaceho v Kanade poukazuje na problém trestnej činnosti v oblasti nákladnej dopravy, ktorý sa stáva celosvetovým problémom, vnášajúcim negatívne vplyvy do logistických procesov, do procesov bilancií a hospodárstva podnikov, a v konečnom dôsledku zasahuje aj do hospodárstva tej-ktorej krajiny. Druhy trestnej činnosti a následky v dopravnej logistike. Stratégia boja proti Cargo trestnej činnosti. Protiopatrenia zo strany štátu a zo strany logistických firiem. 
610 2 0 |a doprava nákladná 
610 2 0 |a logistika 
610 2 0 |a činnosť trestná 
610 2 0 |a činy trestné 
610 2 0 |a krádeže 
610 2 0 |a svet 
100 1 |a Devečková, Alena